| 000 | 00991nam a2200241 i 4500 | ||
|---|---|---|---|
| 001 | 16725 | ||
| 003 | ES-MaACL | ||
| 005 | 20251121130635.0 | ||
| 007 | t| | ||
| 008 | 001027s1999 sp |||| |dspa d | ||
| 080 | _a929 Miñano y Bedoya, Sebastián de | ||
| 080 | _a929 Musso y Valiente, José | ||
| 100 | 1 |
_aMolina Martínez, José Luis. _981949 |
|
| 245 | 1 | 0 |
_aContestaciones de Sebastián de Miñano y Bedoya a cartas de José Musso y Valiente (1829-1835) / _cJosé Luis Molina Martínez. |
| 260 |
_aSantander : _bBoletín de la Biblioteca de Menéndez Pelayo, _c1999. |
||
| 300 |
_aP. 147-229 ; _c24 cm. |
||
| 500 | _aSeparata de: Boletín de la Biblioteca de Menéndez Pelayo, año LXXV, en.-dic. 1999. | ||
| 600 | 1 | 4 |
_aMiñano y Bedoya, Sebastián- _vCorrespondencia. _981394 |
| 600 | 1 | 4 |
_aMusso y Valiente, José ( _d1785-1838)- _vCorrespondencia. _984703 |
| 700 | 1 |
_aMiñano y Bedoya, Sebastián, _d1779-1845 _981393 |
|
| 852 |
_aES-MaACL _jL-23879 |
||
| 999 |
_c16725 _d16725 |
||